01051nas a2200253Ia 4500001001100000003000900011008004100020040001300061040001300074041001300087100004600100210001200146222001200158245009000170250001100260260002200271501008600293300002000379362003500399500026200434650004300696700002900739700002900768R142/E8997IT-RoPAU151124c99999999xx |||||||||||| ||und|| aIT-RoPAU cIT-RoPAU aFRANCESE aGoodwin CharlesgCodice Aut. SPICS: 19797 aRESEAUX aReseaux aRESEAUX, N.085 (SETTEMBRE/OTTOBRE 1997)bCooperation Au Travail Dans un Aeroport (La) a1a ed. aPARISbCNETc1997 bPaulus - SPICS - Società€ San Paolo EM (non-commercial uses only)cCopyright2015 a34 p. [129-162] aN.085 (SETTEMBRE/OTTOBRE 1997) aCooperazione al Lavoro in un Aeroporto. Traduzione di un Articolo Apparso nel 1996 In: Cognition And Communication At Work. Guardare un Aereo Come Entità€ Organizzativa Pertinente. Rapporto Riflessivo tra Parlare e Vedere Tramite gli Strumenti. Vedere Avve aCOMUNICAZIONEvPUBBLICAZIONE PERIODICA aGoodwin Marjorie Harness gCodice Aut. SPICS: 19798